Państwa, którym Włochy wypowiedziały wojnę - Statystyki

Ogólne statystyki
  • Ten quiz został rozwiązany 4 358 razy
  • Średni wynik to 12 z 16
Statystyki odpowiedzi
Państwo % Poprawnych
Francja
97%
Niemcy
95%
Wielka Brytania
92%
Austro-Węgry
89%
Stany Zjednoczone
86%
Druga Republika Hiszpańska
85%
Cesarstwo Austriackie
83%
Grecja
82%
Imperium Osmańskie
79%
Jugosławia
72%
Związek Radziecki
71%
Albania
58%
Etiopia
53%
Bułgaria
51%
Państwo Kościelne
48%
Liechtenstein
12%
Nie znaleziono quizów pasujących do podanych kryteriów
Rozkład punktacji
Procent ludzi z każdym wynikiem
Percentyl według liczby udzielonych odpowiedzi
Twoja historia wyników
Nie rozwiązałeś tego quizu